[Event "TUR-chT Clubs"]
[White "Eraslan, Yagmur"]
[Black "Aladag, Begum"]
[Site "Konya"]
[Round "9.12"]
[Result "1/2-1/2"]
[Date "2019.07.21"]
[WhiteElo "1651"]
[BlackElo "1472"]
[PlyCount "46"]
[EventDate "2019.07.16"]
[EventType "team-swiss"]
[EventRounds "9"]
[EventCountry "TUR"]
[SourceTitle "CBM 191 Extra"]
[Source "ChessBase"]
[SourceDate "2019.09.30"]
[SourceVersion "1"]
[SourceVersionDate "2019.09.30"]
[SourceQuality "1"]
[WhiteTeam "Trabzon Feda"]
[BlackTeam "Mersin Zeka"]
[WhiteTeamCountry "TUR"]
[BlackTeamCountry "TUR"]

1. e4 c5 2. Nf3 e6 3. d4 cxd4 4. Nxd4 a6 5. c4 Nf6 6. Nc3 Qc7 7. Be2 Bb4 8. 0-0 Bxc3 9. bxc3 Nxe4 10. Bf3 Nf6 11. Ba3 d6 12. Nb3 Nbd7 13. Bxd6 Qxc4 14. Re1 Nb6 15. Qd2 Nbd5 16. Rad1 Qxc3 17. Bxd5 Qxd2 18. Rxd2 Nxd5 19. Rxd5 b6 20. Rdd1 f6 21. Bc7 0-0 22. Bxb6 Rb8 23. Bc5 Re8 1/2-1/2

[Event "TUR-chT Clubs"]
[White "Aladag, Begum"]
[Black "Barutcu, Semra"]
[Site "Konya"]
[Round "7.20"]
[Result "1-0"]
[Date "2019.07.20"]
[WhiteElo "1472"]
[BlackElo "1352"]
[PlyCount "91"]
[EventDate "2019.07.16"]
[EventType "team-swiss"]
[EventRounds "9"]
[EventCountry "TUR"]
[SourceTitle "CBM 191 Extra"]
[Source "ChessBase"]
[SourceDate "2019.09.30"]
[SourceVersion "1"]
[SourceVersionDate "2019.09.30"]
[SourceQuality "1"]
[WhiteTeam "Mersin Zeka"]
[BlackTeam "Cedid"]
[WhiteTeamCountry "TUR"]
[BlackTeamCountry "TUR"]

1. e4 c6 2. d4 d5 3. exd5 cxd5 4. Bd3 Nc6 5. c3 g6 6. Bf4 Bg7 7. Qd2 Nf6 8. Bh6 0-0 9. h4 e5 10. Bxg7 Kxg7 11. h5 e4 12. Be2 Ng8 13. Nh3 Bxh3 14. Rxh3 f5 15. hxg6 h6 16. Qf4 Qe7 17. Na3 Rf6 18. Nc2 Rc8 19. Ne3 Qe6 20. Kd2 Nge7 21. Bh5 Rcf8 22. Rg3 Nxg6 23. Bxg6 Rxg6 24. Rxg6+ Kxg6 25. g4 Ne7 26. Rh1 Kh7 27. Rh5 Rf6 28. gxf5 Qf7 29. Qg4 Qg7 30. Qxg7+ Kxg7 31. Ke2 Rd6 32. f3 exf3+ 33. Kxf3 Ng8 34. Kf4 Nf6 35. Rh2 Ne4 36. c4 Nf6 37. cxd5 a6 38. Ke5 Rxd5+ 39. Ke6 Rxd4 40. Rg2+ Kh7 41. Kxf6 Rd6+ 42. Ke5 Rd3 43. Nc4 Rd8 44. Nd6 Rd7 45. Ke6 Rc7 46. f6 1-0

[Event "TUR-chT 2nd League"]
[White "Dayan, Cansu"]
[Black "Aladag, Begum"]
[Site "Konya"]
[Round "5.16"]
[Result "0-1"]
[Date "2018.07.19"]
[WhiteElo "1478"]
[BlackElo "1432"]
[PlyCount "50"]
[EventDate "2018.07.16"]
[EventType "team-swiss"]
[EventRounds "9"]
[EventCountry "TUR"]
[SourceTitle "EXT 2019"]
[Source "ChessBase"]
[SourceDate "2018.10.10"]
[SourceVersion "1"]
[SourceVersionDate "2018.10.10"]
[SourceQuality "1"]
[WhiteTeam "Maras Spor Kulubu"]
[BlackTeam "Mersin Zeka"]
[WhiteTeamCountry "TUR"]
[BlackTeamCountry "TUR"]

1. e4 c5 2. Nc3 Nc6 3. g3 g6 4. Bg2 Bg7 5. d3 d6 6. f4 e6 7. Nf3 Nge7 8. Be3 Nd4 9. Qd2 0-0 10. Nd1 Rb8 11. c3 Nxf3+ 12. Bxf3 b5 13. Nf2 b4 14. h4 bxc3 15. bxc3 Qb6 16. Rc1 d5 17. d4 cxd4 18. Bxd4 Bxd4 19. cxd4 dxe4 20. Nxe4 Nf5 21. d5 exd5 22. Qxd5 Bb7 23. Qd2 Bxe4 24. Bxe4 Nxg3 25. Bxg6 hxg6 0-1

[Event "TUR-chT 2nd League"]
[White "Aladag, Begum"]
[Black "Eroltu, Ceylan"]
[Site "Konya"]
[Round "2.16"]
[Result "1-0"]
[Date "2018.07.17"]
[WhiteElo "1432"]
[BlackElo "1306"]
[PlyCount "139"]
[EventDate "2018.07.16"]
[EventType "team-swiss"]
[EventRounds "9"]
[EventCountry "TUR"]
[SourceTitle "EXT 2019"]
[Source "ChessBase"]
[SourceDate "2018.10.10"]
[SourceVersion "1"]
[SourceVersionDate "2018.10.10"]
[SourceQuality "1"]
[WhiteTeam "Mersin Zeka"]
[BlackTeam "Corum Belediye"]
[WhiteTeamCountry "TUR"]
[BlackTeamCountry "TUR"]

1. e4 e5 2. Nf3 Nc6 3. Nc3 Nf6 4. d4 exd4 5. Nxd4 Bb4 6. Nxc6 bxc6 7. Bd3 Bxc3+ 8. bxc3 h6 9. Ba3 d6 10. 0-0 0-0 11. e5 Nd5 12. c4 Ne7 13. Be4 d5 14. cxd5 cxd5 15. Bxe7 Qxe7 16. Qxd5 Be6 17. Qa5 Bc4 18. Rfe1 Rad8 19. Qxa7 Rd2 20. Qe3 Rfd8 21. Qc3 Qc5 22. Qf3 Qd4 23. h3 Bd5 24. Bxd5 Rxd5 25. c3 Qc4 26. Qg4 Qxg4 27. hxg4 Rc2 28. Rec1 Rxc1+ 29. Rxc1 Rxe5 30. Kf1 Ra5 31. Rc2 Kf8 32. Ke2 Ke7 33. Kd3 Kd6 34. f3 Kc5 35. Re2 Kd6 36. Kc4 Rc5+ 37. Kb4 Rc6 38. Rd2+ Ke7 39. a4 Rb6+ 40. Kc5 Ra6 41. Kb5 Rb6+ 42. Kc5 Ra6 43. Ra2 Kd7 44. a5 c6 45. Rd2+ Kc7 46. Kb4 Ra8 47. Re2 Kd7 48. Re4 Rb8+ 49. Ka3 Ra8 50. Ka4 Ra7 51. Rb4 Kc7 52. c4 Kd6 53. Rb8 Kc5 54. Rb6 Kxc4 55. Rxc6+ Kd5 56. Rc8 Kd6 57. Kb5 Re7 58. Kb6 Ke5 59. Rc7 Re6+ 60. Kb7 Rd6 61. a6 Rd2 62. Kb8 Rb2+ 63. Rb7 Rd2 64. a7 Rd8+ 65. Kc7 Ra8 66. Kb6 Rd8 67. Rb8 Rd6+ 68. Kc7 Rd2 69. a8Q Rc2+ 70. Kd8 1-0

[Event "TUR-chT 2nd League"]
[White "Cakal, Edanur"]
[Black "Aladag, Begum"]
[Site "Konya"]
[Round "1.15"]
[Result "1/2-1/2"]
[Date "2018.07.16"]
[WhiteElo "1229"]
[BlackElo "1432"]
[PlyCount "107"]
[EventDate "2018.07.16"]
[EventType "team-swiss"]
[EventRounds "9"]
[EventCountry "TUR"]
[SourceTitle "EXT 2019"]
[Source "ChessBase"]
[SourceDate "2018.10.10"]
[SourceVersion "1"]
[SourceVersionDate "2018.10.10"]
[SourceQuality "1"]
[WhiteTeam "Altin Hamle Corum"]
[BlackTeam "Mersin Zeka"]
[WhiteTeamCountry "TUR"]
[BlackTeamCountry "TUR"]

1. e4 c5 2. d4 cxd4 3. c3 dxc3 4. Nxc3 Nc6 5. Nf3 d6 6. Bc4 Nf6 7. e5 Ng4 8. exd6 Qxd6 9. Qxd6 exd6 10. Nb5 Nb4 11. Nfd4 Kd8 12. 0-0 Ne5 13. Bb3 a6 14. Nc3 Nec6 15. Nxc6+ bxc6 16. Be3 Be6 17. Ba4 Kc7 18. Rfd1 Be7 19. a3 Nd5 20. Nxd5+ Bxd5 21. Rac1 Kb7 22. Rxd5 cxd5 23. Bc6+ Kb8 24. Bxd5 a5 25. Bxa8 Kxa8 26. Rc7 Bf6 27. Ra7+ Kb8 28. Rxa5 Rc8 29. g3 Rc2 30. Bf4 Bxb2 31. Bxd6+ Kb7 32. Rc5 Rd2 33. Bf4 Rd1+ 34. Kg2 Bxa3 35. Rc7+ Kb6 36. Rxf7 Bb2 37. Be3+ Kc6 38. Kf3 Rd5 39. h4 Bf6 40. Ra7 Rb5 41. Ra6+ Kd7 42. Ra4 Ke6 43. Ra6+ Kf7 44. Ra7+ Kg6 45. Ra6 Kh5 46. Ra2 Rf5+ 47. Ke4 Kg4 48. Ra4 Re5+ 49. Kd3+ Kh3 50. Re4 Rd5+ 51. Ke2 Kg2 52. Rc4 Rb5 53. Rc2 Rd5 54. Bf4 1/2-1/2